000 00478nam a2200169Ia 4500
005 20250508151117.0
008 008 250505s9999 xx 000 0 eng d
037 _aTextual
040 _aFEDL
_beng
_cFEDL
041 _aeng
_2eng
084 _a379.173, UNI
_qFEDL
245 0 _aRural schools for tomorrow
260 _aWashington, USA
_bNational Education Association
_c1945
300 _a152p.
942 _cTEXL
_h379.173, UNI
999 _c1327634
_d1327634